Responses for Show #6623 - Wednesday, June 5, 2013

Contestants

[<< previous game]

Kathy Nitschke, a customer-service representative from Greenbush, Maine

Jonathan Van Balen, an international marketing specialist from Lexington, Kentucky

Rachel Gordon, an attorney from Washington, D.C. (whose 1-day cash winnings total $7,400)

[next game >>]

Jeopardy! Round responses

FIRST NAMES IN THE DICTIONARY
TECHNOLOGY
POP--THE QUESTION
DOUBLE DOUBLE LETTERS
THE BURGERS
OF CALAIS
    $200 6
bob

Rachel
    $200 11
soccer

Jonathan
    $200 1
What's My Line?

Kathy
    $200 17
an address

Rachel
    $200 26
(Rachel: What is a Big Mac?)

McDonald's

RachelKathy
    $200 12
the Dover Strait

Kathy
    $400 7
(Jonathan: What is a bobby?)
(Kathy: What is a stewart?)

page

JonathanKathy
Triple Stumper
    $2,000 18
sonar

Rachel
    $400 2
"Should I Stay Or Should I Go"

Rachel
    $400 22
(Alex: Right, with a minute to go.)

succeed

Jonathan
    $400 27
Jack in the Box

Jonathan
    $400 13
a lighthouse

Jonathan
    $600 8
chip

Rachel
    $600 19
Intel

Rachel
    $600 3
my man

Rachel
    $600 23
an assassin

Rachel
    $600 29
Wendy's

Kathy
    $600 14
(Kathy: What is a blockade?)
(Alex: Be a little
more specific.)
(Kathy: The blockade of Calais.)

the Siege of Calais

Kathy
Triple Stumper
    $800 9
sienna

Jonathan
    $800 20
Bluetooth

Jonathan
    $800 4
Whose Line Is It Anyway?

Kathy
    $800 24
a buttress

Rachel
    $800 30
White Castle

Rachel
    $800 15
a bunker

Triple Stumper
    $1000 10
a lance

Kathy
    $1000 21
methane

Rachel
    $1000 5
"Who Will Save Your Soul"

Jonathan
    $1000 25
embarrassment

Rachel
    $1000 28
Sonic

Jonathan
    $1000 16
(Jonathan: What is the XVII?)

the XVIII

Jonathan
Triple Stumper

Scores at the first commercial break (after clue 15):

Rachel Jonathan Kathy
$1,800 $2,000 $1,200

Scores at the end of the Jeopardy! Round:

Rachel Jonathan Kathy
$8,600 $3,600 $2,000

Double Jeopardy! Round responses

LIGHT VERSE
1880s AMERICA
DOG-GONE IT
WORLD "P"s
SNL CAST MEMBERS ON FILM
WORDS IN STATES
(Alex: The correct response will be found In the name of a state that is suggested by the information we give you in the clue.)
    $400 22
Paradise Lost

Kathy
    $400 17
tuberculosis

Jonathan
    $400 1
(Lord) Byron

Jonathan
    $400 12
(Rachel: What is Peru?)
(Jonathan: What is Bolivia?)

Paraguay

RachelJonathan
Triple Stumper
    $400 7
Adam Sandler

Rachel
    $400 2
ask (in Alaska)

Jonathan
    $800 23
(Alex: With less than a minute to go, you're right.)

the Owl and the Pussycat

Kathy
    $1,200 18
(Alex: Yes, [*] Institute.)

Tuskegee

Jonathan
    $800 13
(Jonathan: What is the Philippines?)
(Rachel: What is Peru?)
(Kathy: What is Pakistan?)

the Pacific Ocean

RachelJonathanKathy
Triple Stumper
    $800 8
Bill Murray

Jonathan
    $800 3
aware (in Delaware)

Jonathan
    $1200 24
Elizabeth Barrett Browning

Jonathan
    $1200 19
American Telephone & Telegraph

Jonathan
    $2,400 14
Panama

Jonathan
    $1200 9
Mike Myers

Jonathan
    $1200 4
sour (in Missouri)

Rachel
    $1600 25
(Jonathan: What is "The Charge of the Light Brigade"?)

"Do Not Go Gentle into that Good Night"

Jonathan
Triple Stumper
    $1600 20
(Jonathan: Who is Cleveland?)

Garfield

Jonathan
Triple Stumper
    $1600 27
[The end-of-round signal sounds.]

William Inge

Triple Stumper
    $1600 15
(Jonathan: What is Dnepropetrovsk?)
(Kathy: What is Prague?)

Pinsk

JonathanKathy
Triple Stumper
    $1600 10
Jason Sudeikis

Jonathan
    $1600 5
Diana (in Indiana)

Kathy
    $2000 26
(Kathy: What is a nightingale?)

a skylark

Kathy
Triple Stumper
    $2000 21
(Jonathan: Who is Wyatt Earp?)
...
(Alex: Who is [*], "the dirty little coward"?)

Robert Ford

Jonathan
Triple Stumper
    $2000 16
Potsdam

Jonathan
    $2000 11
Chris Elliott

Triple Stumper
    $2000 6
(Jonathan: What is or?)

ego (in Oregon)

Jonathan
Triple Stumper

Scores at the end of the Double Jeopardy! Round:

Rachel Jonathan Kathy
$9,000 $7,200 $400

[wagering suggestions for these scores]

Final Jeopardy! Round responses

SPORTING EVENTS
(Alex: It would help immensely if you remembered your high school Latin and quinque representing the number 5.)
...
(Alex: [To Kathy, after enunciating her misspelling for emphasis] We'll accept that, yes. [*], even though you misspelled it.)
KathyWhat is the pentathalon?
$398
JonathanWhat is Pentathlon?
$5,001
RachelWhat is the decathalon
$5,401
the pentathlon

Final scores:

Rachel Jonathan Kathy
$3,599 $12,201 $798
2nd place: $2,000 New champion: $12,201 3rd place: $1,000

Game dynamics:

Coryat scores:

Rachel Jonathan Kathy
$7,400 $5,600 $400
14 R
(including 1 DD),
3 W
20 R
(including 2 DDs),
9 W
9 R,
5 W

Combined Coryat: $13,400

[game clues] [game scores] [suggest correction]

Game tape date: 2013-01-30
The J! Archive is created by fans, for fans. Scraping, republication, monetization, and malicious use prohibited; this site may use cookies and collect identifying information. See terms. The Jeopardy! game show and all elements thereof, including but not limited to copyright and trademark thereto, are the property of Jeopardy Productions, Inc. and are protected under law. This website is not affiliated with, sponsored by, or operated by Jeopardy Productions, Inc. Join the discussion at JBoard.tv.